This way to happiness; (Record no. 7574)
[ view plain ]
| 000 -LEADER | |
|---|---|
| fixed length control field | 00687cam a22002411 4500 |
| 001 - CONTROL NUMBER | |
| control field | 9820339 |
| 003 - CONTROL NUMBER IDENTIFIER | |
| control field | GBCCL |
| 005 - DATE AND TIME OF LATEST TRANSACTION | |
| control field | 20241126110631.0 |
| 008 - FIXED-LENGTH DATA ELEMENTS--GENERAL INFORMATION | |
| fixed length control field | 750702s1958 xx 000 0 eng |
| 010 ## - | |
| -- | 58042573 |
| 035 ## - SYSTEM CONTROL NUMBER | |
| System control number | (OCoLC)1425415 |
| 040 ## - CATALOGING SOURCE | |
| Original cataloging agency | DLC |
| Transcribing agency | FO |
| Modifying agency | DLC |
| 042 ## - | |
| -- | premarc |
| 050 00 - | |
| -- | BF636 |
| -- | .N27 |
| 082 ## - DEWEY DECIMAL CLASSIFICATION NUMBER | |
| Classification number | 150.13 |
| Item number | NAR |
| 100 1# - MAIN ENTRY--PERSONAL NAME | |
| Personal name | Narramore, Clyde M. |
| Fuller form of name | (Clyde Maurice), |
| Dates associated with a name | 1916- |
| 9 (RLIN) | 7042 |
| 245 10 - TITLE STATEMENT | |
| Title | This way to happiness; |
| Remainder of title | psychology for living. |
| 260 ## - PUBLICATION, DISTRIBUTION, ETC. | |
| Place of publication, distribution, etc. | Bombay: |
| Name of publisher, distributor, etc. | Gospel literature service, |
| Date of publication, distribution, etc. | 1971. |
| 300 ## - PHYSICAL DESCRIPTION | |
| Extent | 119 p. |
| Dimensions | 21 cm. |
| 650 #0 - SUBJECT ADDED ENTRY--TOPICAL TERM | |
| Topical term or geographic name entry element | Psychology, Applied. |
| 9 (RLIN) | 2874 |
| 906 ## - LOCAL DATA ELEMENT F, LDF (RLIN) | |
| a | 7 |
| b | cbc |
| c | oclcrpl |
| d | u |
| e | ncip |
| f | 19 |
| g | y-gencatlg |
| 942 ## - ADDED ENTRY ELEMENTS (KOHA) | |
| Source of classification or shelving scheme | Dewey Decimal Classification |
| Koha item type | Books |
| Withdrawn status | Lost status | Source of classification or shelving scheme | Damaged status | Not for loan | Home library | Current Library | Shelving location | Date acquired | Total checkouts | Full call number | Barcode | Date last seen | Copy number | Price effective from | Koha item type |
|---|---|---|---|---|---|---|---|---|---|---|---|---|---|---|---|
| Dewey Decimal Classification | GRACE BIBLE COLLEGE | GRACE BIBLE COLLEGE | Philosophy and Religion | 2018-08-27 | 150.13 NAR | 002882 | 2025-05-01 | c.1 | 2018-08-27 | Books |